000 00410nmm a2200145Ia 4500
008 251105s9999||||xx |||||||||||||||||und||
041 _aspa
100 _aRuiz Morales, Jorge
245 0 _aTiempo cero, un viaje al Big Bang
264 _a[Madrid, España] :
_bEquipo Sirius,
_c1992
300 _a96 páginas
650 _aSciences
856 _uhttps://public.digitaliapublishing.com/a/12747
942 _cCF
999 _c104166
_d104166